| 000 | 00381nam a22001457a 4500 | ||
|---|---|---|---|
| 003 | MACL | ||
| 005 | 20170827131711.0 | ||
| 008 | 170827b xxu||||| |||| 00| 0 eng d | ||
| 040 | _cMACL | ||
| 100 |
_aLal,S.D.Brij _968869 |
||
| 245 | _aPartition And Making Modern South Asia | ||
| 260 |
_aDelhi _bGourav Book Centre Pvt. Ltd _c2015 |
||
| 650 |
_aSouth Asia _916412 |
||
| 942 |
_2ddc _cBK |
||
| 999 |
_c56920 _d56920 |
||